[Event "Olimpiada de Khanty-Mansiysk 2010"]
[Site "Khanty-Mansiysk RUS"]
[Date "2010.09.27"]
[Round "6"]
[White "Johannes, Manyedi Mabusel"]
[Black "Yee, Frank"]
[Result "1/2-1/2"]
[WhiteElo "2288"]
[BlackElo "2106"]
[PlyCount "66"]
[EventDate "2010.09.21"]
[EventType "team"]
[EventRounds "11"]
[EventCountry "RUS"]
[Source "lmi"]
[SourceDate "2010.09.21"]
[WhiteTeam "Sudáfrica"]
[BlackTeam "Trinidad y Tobago"]
[WhiteTeamCountry "RSA"]
[BlackTeamCountry "TRI"]

1. d4 Nf6 2. c4 e6 3. Nc3 Bb4 4. Qc2 O-O 5. a3 Bxc3+ 6. Qxc3 Ne4 7. Qc2 f5 8.
Nh3 b6 9. f3 Nf6 10. e3 Bb7 11. Bd3 Nc6 12. O-O Ne7 13. e4 fxe4 14. fxe4 d6 15.
Ng5 Qd7 16. d5 e5 17. Ne6 Rf7 18. b4 c5 19. bxc5 bxc5 20. Rb1 Ba6 21. Bd2 Ng6
22. Ba5 Rc8 23. Be2 h6 24. Rb3 Nf8 25. Nxf8 Rcxf8 26. Rg3 Rb8 27. Bd2 Kh7 28.
Rgf3 Rbf8 29. h3 Bc8 30. Be1 Qe7 31. Qb1 Kg8 32. Bd2 Kh7 33. Qe1 Ng8 1/2-1/2

[Event "Olimpiada de Khanty-Mansiysk 2010"]
[Site "Khanty-Mansiysk RUS"]
[Date "2010.09.27"]
[Round "6"]
[White "Singh, Ravishen"]
[Black "Van den Heever, Donovan"]
[Result "0-1"]
[WhiteElo "2089"]
[BlackElo "2285"]
[PlyCount "68"]
[EventDate "2010.09.21"]
[EventType "team"]
[EventRounds "11"]
[EventCountry "RUS"]
[Source "lmi"]
[SourceDate "2010.09.21"]
[WhiteTeam "Trinidad y Tobago"]
[BlackTeam "Sudáfrica"]
[WhiteTeamCountry "TRI"]
[BlackTeamCountry "RSA"]

1. e4 c5 2. Nf3 Nc6 3. d4 cxd4 4. Nxd4 Nf6 5. Nc3 d6 6. Nb3 e5 7. Be2 Be7 8.
O-O O-O 9. Be3 Be6 10. Bf3 a5 11. Nd5 Bxd5 12. exd5 Nb4 13. c3 Na6 14. Qd3 a4
15. Nd2 Nd7 16. Qb5 f5 17. Nc4 e4 18. Be2 Nc7 19. Qxb7 f4 20. Bb6 Nxb6 21. Nxb6
Rb8 22. Qc6 f3 23. Bc4 fxg2 24. Kxg2 Rf4 25. Be2 Ne8 26. Nxa4 Bf6 27. f3 e3 28.
Rh1 Be5 29. h4 Rxh4 30. Qxe8+ Qxe8 31. Rxh4 Qg6+ 32. Rg4 Qc2 33. Kf1 h5 34. Rc4
Rf8 0-1

[Event "Olimpiada de Khanty-Mansiysk 2010"]
[Site "Khanty-Mansiysk RUS"]
[Date "2010.09.27"]
[Round "6"]
[White "Gilruth, Peter"]
[Black "Espirito Santo, Silverio"]
[Result "1-0"]
[WhiteElo "2202"]
[BlackElo "1858"]
[PlyCount "119"]
[EventDate "2010.09.21"]
[EventType "team"]
[EventRounds "11"]
[EventCountry "RUS"]
[Source "lmi"]
[SourceDate "2010.09.21"]
[WhiteTeam "Kenia"]
[BlackTeam "STP"]
[WhiteTeamCountry "KEN"]

1. Nf3 d5 2. d4 Nf6 3. c4 c6 4. cxd5 cxd5 5. Nc3 g6 6. Bf4 e6 7. e3 Bg7 8. Nb5
Qa5+ 9. Qd2 Qxd2+ 10. Nxd2 Na6 11. Bd6 Bd7 12. Rc1 Bc6 13. Ba3 Bf8 14. Nd6+
Bxd6 15. Bxd6 Rc8 16. Bd3 Rg8 17. Nb3 Ne4 18. Ba3 Kd7 19. f3 Nd6 20. Bxa6 bxa6
21. Nc5+ Ke7 22. Nxa6 Bb5 23. Rxc8 Rxc8 24. Bxd6+ Kxd6 25. Nc5 e5 26. Kd2 exd4
27. exd4 Bc6 28. Re1 Rb8 29. Kc3 a5 30. Nb3 a4 31. Nc5 Bb5 32. a3 h5 33. h4 Bc6
34. Re5 Bb5 35. g4 hxg4 36. fxg4 Bc6 37. h5 gxh5 38. gxh5 Rg8 39. Re3 Rh8 40.
Rh3 Rh6 41. Kb4 f5 42. Nxa4 Be8 43. Nc5 Rxh5 44. Rxh5 Bxh5 45. Nd3 Kc6 46. Ka5
Kb7 47. Nf4 Bf3 48. b4 Be4 49. Kb5 Bf3 50. Kc5 Kc7 51. a4 Be4 52. a5 Kb7 53.
Nxd5 Ka6 54. Nf4 Bc2 55. d5 Ba4 56. Kd6 Kb5 57. Kc7 Kc4 58. a6 Kd4 59. a7 Ke4
60. a8=Q 1-0

[Event "Olimpiada de Khanty-Mansiysk 2010"]
[Site "Khanty-Mansiysk RUS"]
[Date "2010.09.27"]
[Round "6"]
[White "Seegolam, Pradeep"]
[Black "Chipanga, Chiletso"]
[Result "1/2-1/2"]
[WhiteElo "2040"]
[BlackElo "2138"]
[PlyCount "174"]
[EventDate "2010.09.21"]
[EventType "team"]
[EventRounds "11"]
[EventCountry "RUS"]
[Source "lmi"]
[SourceDate "2010.09.21"]
[WhiteTeam "Mauricio"]
[BlackTeam "MAW"]
[WhiteTeamCountry "MRI"]

1. d4 d5 2. c4 c6 3. cxd5 cxd5 4. Nf3 Nc6 5. Nc3 Nf6 6. Bf4 a6 7. e3 Bf5 8. Nh4
Be4 9. f3 Bg6 10. Nxg6 hxg6 11. Bg3 e6 12. Bf2 b5 13. Bd3 Bd6 14. h3 e5 15.
dxe5 Nxe5 16. O-O O-O 17. Rc1 Rc8 18. Bb1 Bc5 19. Qe2 Qb6 20. Rfe1 Rfe8 21.
Rcd1 Nc4 22. Nxd5 Nxd5 23. Rxd5 Nxe3 24. Rxc5 Qxc5 25. Bxe3 Rxe3 26. Qxe3 Qxe3+
27. Rxe3 Rc1+ 28. Kf2 Rxb1 29. Re2 f6 30. Ke3 Rd1 31. Rd2 Rc1 32. Kd4 Kf7 33.
Re2 g5 34. Kd5 b4 35. Kd6 Kg6 36. Kd5 Kf5 37. Re4 a5 38. Rc4 Rd1+ 39. Rd4 Ra1
40. Kc4 Rxa2 41. Kb3 Ra1 42. Rd7 Rg1 43. Rd2 Kf4 44. Ka4 Ra1+ 45. Kb5 Ke3 46.
Rd7 b3 47. Kc4 a4 48. Kb4 Ra2 49. Kc3 a3 50. Re7+ Kf2 51. Kxb3 Rxb2+ 52. Kxa3
Rb6 53. Rxg7 Kg3 54. Rg6 Kh4 55. Rh6+ Kg3 56. Rg6 Kf2 57. Ka2 Ke3 58. Ka3 Kd3
59. Rg7 Re6 60. Rd7+ Ke3 61. Rg7 Rd6 62. Rg6 Kd3 63. Rg7 Ke2 64. Rg6 Ke3 65.
Kb3 Kd3 66. Rg7 Rb6+ 67. Ka3 Rb5 68. Rd7+ Ke3 69. Rg7 Rf5 70. Rc7 Rd5 71. Rc6
f5 72. Rg6 f4 73. Kb3 Kf2 74. Kc4 Rf5 75. Kd4 Kxg2 76. h4 Kxf3 77. Rxg5 Rf8 78.
h5 Ke2 79. Ra5 f3 80. Ra2+ Ke1 81. Ke3 Kf1 82. Rf2+ Kg1 83. Rxf3 Rh8 84. Rf5
Kg2 85. Kf4 Kh3 86. Kg5 Rg8+ 87. Kf4 Kh4 1/2-1/2

[Event "Olimpiada de Khanty-Mansiysk 2010"]
[Site "Khanty-Mansiysk RUS"]
[Date "2010.09.27"]
[Round "6"]
[White "Gajadin, Dewperkash"]
[Black "Celis, Solomon B"]
[Result "1-0"]
[WhiteElo "2179"]
[BlackElo "1985"]
[PlyCount "117"]
[EventDate "2010.09.21"]
[EventType "team"]
[EventRounds "11"]
[EventCountry "RUS"]
[Source "lmi"]
[SourceDate "2010.09.21"]
[WhiteTeam "Surinam"]
[BlackTeam "Macao"]
[WhiteTeamCountry "SUR"]
[BlackTeamCountry "MAC"]

1. e4 e6 2. d4 d5 3. Nd2 c5 4. Ngf3 Nc6 5. c3 Qb6 6. exd5 exd5 7. Nb3 cxd4 8.
Nfxd4 Nxd4 9. Nxd4 Bc5 10. Bb5+ Kf8 11. Qe2 Nf6 12. Be3 a6 13. Ba4 Bg4 14. f3
Bd7 15. Bxd7 Nxd7 16. O-O Re8 17. Qf2 Kg8 18. b4 Bf8 19. Rad1 h5 20. Nf5 Qe6
21. g4 hxg4 22. fxg4 Ne5 23. Qg2 Qg6 24. Rxd5 Qxg4 25. Qxg4 Nxg4 26. Bf4 g6 27.
Nd4 Ne3 28. Bxe3 Rxe3 29. Rd7 Re7 30. Rd8 f5 31. Kg2 Kf7 32. b5 axb5 33. Rb1
Rh4 34. Rxb5 Rg4+ 35. Kf3 Bh6 36. Ne2 Rge4 37. Rb2 Re3+ 38. Kf2 f4 39. Nd4 Rxc3
40. Nf3 Bf8 41. Rb8 Rcc7 42. Ng5+ Kg7 43. h4 b5 44. R8xb5 Kh6 45. a4 Bg7 46.
Rd2 Rc4 47. Ra2 Bd4+ 48. Kg2 Re3 49. Nf3 Bf6 50. a5 Rcc3 51. Ng5 f3+ 52. Kg3
Be5+ 53. Rxe5 Rxe5 54. Nf7+ Kh5 55. Nxe5 f2+ 56. Kxf2 Rh3 57. Nf3 Kg4 58. Ra4+
Kf5 59. Kg2 1-0

[Event "Olimpiada de Khanty-Mansiysk 2010"]
[Site "Khanty-Mansiysk RUS"]
[Date "2010.09.27"]
[Round "6"]
[White "Fesalbon, Rolando"]
[Black "Mungroo, Franklin"]
[Result "1-0"]
[WhiteElo "2061"]
[BlackElo "2156"]
[PlyCount "83"]
[EventDate "2010.09.21"]
[EventType "team"]
[EventRounds "11"]
[EventCountry "RUS"]
[Source "lmi"]
[SourceDate "2010.09.21"]
[WhiteTeam "Macao"]
[BlackTeam "Surinam"]
[WhiteTeamCountry "MAC"]
[BlackTeamCountry "SUR"]

1. Nf3 d5 2. d4 Nf6 3. c4 c6 4. Nc3 e6 5. Bg5 Be7 6. e3 O-O 7. Bd3 Nbd7 8. O-O
Re8 9. Qc2 dxc4 10. Bxc4 Nd5 11. Nxd5 Bxg5 12. Nxg5 g6 13. Nxf7 Kxf7 14. Nf4
Nb6 15. Nd3 Qe7 16. Ne5+ Kg7 17. Bd3 Qf6 18. a4 Nd7 19. Nc4 e5 20. dxe5 Nxe5
21. Nxe5 Rxe5 22. e4 Qf4 23. Qe2 Bg4 24. f3 Bd7 25. g3 Qf7 26. f4 Rh5 27. Rf2
Rf8 28. Ra3 Qe7 29. Qe3 c5 30. Be2 Rh3 31. Rc3 b6 32. a5 Qd6 33. Rd3 Qe7 34.
axb6 axb6 35. Bf3 Ra8 36. Rfd2 Be8 37. Kg2 Rh6 38. Rd6 Ra7 39. h4 Rb7 40. f5 g5
41. e5 Rxd6 42. Rxd6 1-0

[Event "Olimpiada de Khanty-Mansiysk 2010"]
[Site "Khanty-Mansiysk RUS"]
[Date "2010.09.27"]
[Round "6"]
[White "Hanoeman, Suradj"]
[Black "Abelgas, Rodolfo Varron"]
[Result "1-0"]
[WhiteElo "1992"]
[BlackElo "1926"]
[PlyCount "63"]
[EventDate "2010.09.21"]
[EventType "team"]
[EventRounds "11"]
[EventCountry "RUS"]
[Source "lmi"]
[SourceDate "2010.09.21"]
[WhiteTeam "Surinam"]
[BlackTeam "Macao"]
[WhiteTeamCountry "SUR"]
[BlackTeamCountry "MAC"]

1. d4 Nf6 2. Nf3 g6 3. Nbd2 Bg7 4. e4 d6 5. Bd3 Nc6 6. c3 O-O 7. O-O a6 8. a4
e5 9. Re1 Nh5 10. dxe5 dxe5 11. Bf1 Nf4 12. Qc2 Bg4 13. h3 Be6 14. Nc4 Qe7 15.
b3 g5 16. Ba3 Qf6 17. Bxf8 Rxf8 18. Ne3 Nxh3+ 19. gxh3 Qxf3 20. Bg2 Qh5 21. Nf5
Bf6 22. Re3 Rd8 23. Rd3 Qg6 24. Rad1 h5 25. Rxd8+ Nxd8 26. b4 b5 27. axb5 axb5
28. Qd3 g4 29. hxg4 c6 30. gxh5 Qxh5 31. Qg3+ Kf8 32. Qg7+ 1-0

[Event "Olimpiada de Khanty-Mansiysk 2010"]
[Site "Khanty-Mansiysk RUS"]
[Date "2010.09.27"]
[Round "6"]
[White "Dekker, Marvin"]
[Black "Eichab, Charles Sidney"]
[Result "0-1"]
[WhiteElo "2097"]
[BlackElo "2046"]
[PlyCount "82"]
[EventDate "2010.09.21"]
[EventType "team"]
[EventRounds "11"]
[EventCountry "RUS"]
[Source "lmi"]
[SourceDate "2010.09.21"]
[WhiteTeam "Antillas Holandesas"]
[BlackTeam "Namibia"]
[WhiteTeamCountry "AHO"]
[BlackTeamCountry "NAM"]

1. c4 Nf6 2. Nc3 c5 3. g3 d6 4. Bg2 g6 5. Nf3 Nc6 6. d4 cxd4 7. Nxd4 Bd7 8. O-O
Bg7 9. h3 O-O 10. Be3 Rc8 11. b3 a6 12. Rc1 Qa5 13. Qd2 Rfe8 14. Rfd1 Nxd4 15.
Bxd4 b5 16. Bxf6 Bxf6 17. Nd5 Qxd2 18. Rxd2 bxc4 19. bxc4 Be6 20. Nxf6+ exf6
21. Rd4 f5 22. Bb7 Rc5 23. Bxa6 d5 24. Rc2 Re7 25. f4 dxc4 26. a4 Rec7 27. Rc3
h5 28. Kf2 Kg7 29. Bb5 Bd5 30. h4 Kf6 31. Ke3 Re7+ 32. Kd2 Rec7 33. Kc1 Rb7 34.
Kd2 Rbc7 35. Kc1 Rb7 36. Rxd5 Rbxb5 37. axb5 Rxd5 38. b6 Rb5 39. b7 Rxb7 40.
Rxc4 Rb3 41. Rc6+ Kg7 0-1

[Event "Olimpiada de Khanty-Mansiysk 2010"]
[Site "Khanty-Mansiysk RUS"]
[Date "2010.09.27"]
[Round "6"]
[White "Nakapunda, Otto"]
[Black "Maduro, Sherman"]
[Result "1/2-1/2"]
[WhiteElo "2073"]
[BlackElo "2009"]
[PlyCount "76"]
[EventDate "2010.09.21"]
[EventType "team"]
[EventRounds "11"]
[EventCountry "RUS"]
[Source "lmi"]
[SourceDate "2010.09.21"]
[WhiteTeam "Namibia"]
[BlackTeam "Antillas Holandesas"]
[WhiteTeamCountry "NAM"]
[BlackTeamCountry "AHO"]

1. d4 Nf6 2. Nf3 b6 3. g3 Bb7 4. Bg2 e6 5. O-O Be7 6. c4 O-O 7. Nc3 d5 8. b3
Nbd7 9. Bb2 Bb4 10. Qc2 Bxc3 11. Bxc3 Ne4 12. Bb2 Rc8 13. Rfd1 Qf6 14. Rac1 c6
15. e3 Qh6 16. Ne5 Ndf6 17. Qe2 Ba6 18. f3 Nd6 19. Qf2 Bb7 20. Re1 Rfd8 21. Rc2
Nd7 22. e4 dxc4 23. Bc1 g5 24. Nxc4 Nxc4 25. bxc4 Qg6 26. Qe3 h6 27. Rf2 c5 28.
d5 Ba6 29. Qc3 Qg7 30. Qc2 Qd4 31. Bf1 Ne5 32. Rd1 Nxf3+ 33. Kg2 g4 34. Rxd4
Ne1+ 35. Kg1 Nxc2 36. Rd1 Nd4 37. Bxh6 Nf3+ 38. Kg2 Ne5 1/2-1/2

[Event "Olimpiada de Khanty-Mansiysk 2010"]
[Site "Khanty-Mansiysk RUS"]
[Date "2010.09.27"]
[Round "6"]
[White "Bacchas, Clevert"]
[Black "Croes, Octavio"]
[Result "1-0"]
[WhiteElo "1871"]
[BlackElo "1951"]
[PlyCount "45"]
[EventDate "2010.09.21"]
[EventType "team"]
[EventRounds "11"]
[EventCountry "RUS"]
[Source "lmi"]
[SourceDate "2010.09.21"]
[WhiteTeam "Bermuda"]
[BlackTeam "ARU"]
[WhiteTeamCountry "BER"]

1. d4 Nf6 2. Nf3 e6 3. Bf4 c5 4. e3 d5 5. c4 Nc6 6. Nc3 Bd6 7. Bg5 dxc4 8. Bxc4
Be7 9. O-O O-O 10. Bd3 b6 11. dxc5 Bxc5 12. Qe2 Qc7 13. Bxf6 gxf6 14. Ne4 Be7
15. Rac1 f5 16. Ng3 Bb7 17. b4 Bxb4 18. Ng5 Qe7 19. Qh5 f6 20. Nxe6 Rf7 21. Bc4
Na5 22. Nxf5 Qd7 23. Nh6+ 1-0

[Event "Olimpiada de Khanty-Mansiysk 2010"]
[Site "Khanty-Mansiysk RUS"]
[Date "2010.09.27"]
[Round "6"]
[White "Tromp, Rigoberto"]
[Black "Cooper, Gary"]
[Result "1-0"]
[WhiteElo "1992"]
[BlackElo "1886"]
[PlyCount "159"]
[EventDate "2010.09.21"]
[EventType "team"]
[EventRounds "11"]
[EventCountry "RUS"]
[Source "lmi"]
[SourceDate "2010.09.21"]
[WhiteTeam "ARU"]
[BlackTeam "Bermuda"]
[BlackTeamCountry "BER"]

1. d4 d5 2. Nf3 Nf6 3. c4 e6 4. Bf4 Nbd7 5. e3 c6 6. Nc3 a6 7. Rc1 Be7 8. h3
O-O 9. Bd3 dxc4 10. Bxc4 b5 11. Bd3 c5 12. Bb1 Bb7 13. O-O b4 14. Na4 Qa5 15.
Ne5 Nxe5 16. Nxc5 Ned7 17. Nxb7 Qb6 18. Nc5 Nxc5 19. dxc5 Bxc5 20. Bg5 Be7 21.
Rc4 Rfd8 22. Qc2 g6 23. Rc7 Qd6 24. e4 Rd7 25. Rc6 Qe5 26. Be3 Rdd8 27. f4 Qh5
28. f5 gxf5 29. exf5 e5 30. Rf3 e4 31. Rf1 Kh8 32. Qc4 Rd1 33. Bxe4 Rxf1+ 34.
Kxf1 Qd1+ 35. Kf2 Rg8 36. Bf3 Qd7 37. Qxa6 Qxf5 38. Qc4 Qg6 39. Rc7 Qg3+ 40.
Ke2 Qe5 41. b3 Bd6 42. Rc6 Re8 43. Qc1 Nd5 44. Bxd5 Qxd5 45. Kf2 Qf5+ 46. Kg1
Bg3 47. Bd4+ Kg8 48. Rf6 Qxf6 49. Bxf6 Re1+ 50. Qxe1 Bxe1 51. Kf1 Bd2 52. Ke2
Bc1 53. Kd3 Kf8 54. Kc4 Bd2 55. Bd4 Ke8 56. Bc5 Be1 57. Bxb4 Bg3 58. Kd5 Kd7
59. Bc5 h5 60. a4 Kc7 61. a5 Kb7 62. b4 Ka6 63. Ke4 Kb5 64. Kf5 Bh4 65. g4 hxg4
66. hxg4 Ka6 67. g5 Kb5 68. Be7 Ka6 69. Kf6 Be1 70. Kxf7 Bc3 71. g6 Kb5 72. g7
Bxg7 73. Kxg7 Ka6 74. Kf6 Kb5 75. Ke6 Ka6 76. Kd5 Kb5 77. Bd6 Ka6 78. Kc6 Ka7
79. b5 Ka8 80. a6 1-0

[Event "Olimpiada de Khanty-Mansiysk 2010"]
[Site "Khanty-Mansiysk RUS"]
[Date "2010.09.27"]
[Round "6"]
[White "Simmons, Kennedy"]
[Black "Juddan, Ahmid"]
[Result "0-1"]
[WhiteElo "1499"]
[BlackElo "1832"]
[PlyCount "56"]
[EventDate "2010.09.21"]
[EventType "team"]
[EventRounds "11"]
[EventCountry "RUS"]
[Source "lmi"]
[SourceDate "2010.09.21"]
[WhiteTeam "Bermuda"]
[BlackTeam "ARU"]
[WhiteTeamCountry "BER"]

1. e4 g6 2. Nc3 Bg7 3. d4 d6 4. Bg5 Nf6 5. h3 h6 6. Be3 c6 7. Nf3 Nbd7 8. Bd3
O-O 9. Qd2 Kh7 10. g4 Ng8 11. h4 Ndf6 12. Nh2 Nxg4 13. Nxg4 Bxg4 14. Ne2 Qb6
15. O-O-O c5 16. c3 Rac8 17. Bb1 Bxe2 18. Qxe2 cxd4 19. Bxd4 Bxd4 20. Rxd4 Qxd4
21. f4 e6 22. h5 b5 23. Qg4 Nf6 24. hxg6+ fxg6 25. Qh4 h5 26. f5 exf5 27. Qg5
Nxe4 28. Rg1 Nxg5 0-1

[Event "Olimpiada de Khanty-Mansiysk 2010"]
[Site "Khanty-Mansiysk RUS"]
[Date "2010.09.27"]
[Round "6"]
[White "Murara, Maxence"]
[Black "Marcos, Joselito"]
[Result "0-1"]
[WhiteElo "1685"]
[BlackElo "2115"]
[PlyCount "88"]
[EventDate "2010.09.21"]
[EventType "team"]
[EventRounds "11"]
[EventCountry "RUS"]
[Source "lmi"]
[SourceDate "2010.09.21"]
[WhiteTeam "Ruanda"]
[BlackTeam "Papúa Nueva Guinea"]
[WhiteTeamCountry "RWA"]
[BlackTeamCountry "PNG"]

1. e4 e6 2. d4 d5 3. Nc3 Nf6 4. e5 Nfd7 5. Nf3 c5 6. dxc5 Bxc5 7. Bd3 Nc6 8.
Qe2 f6 9. Nh4 Ncxe5 10. Qh5+ Nf7 11. Bf4 Bb4 12. O-O Bxc3 13. bxc3 g5 14. Nf5
gxf4 15. Nd6+ Ke7 16. Nxf7 Qe8 17. Rfe1 Ne5 18. Rxe5 Qxf7 19. Qxf7+ Kxf7 20.
Ree1 Bd7 21. c4 d4 22. Rab1 Bc6 23. Be4 Rab8 24. Rb3 f5 25. Bxc6 bxc6 26. Reb1
Rxb3 27. Rxb3 Re8 28. Rb7+ Re7 29. Rb3 e5 30. f3 e4 31. Kf2 Kf6 32. g3 e3+ 33.
Ke2 fxg3 34. hxg3 Rg7 35. c3 c5 36. cxd4 cxd4 37. g4 fxg4 38. fxg4 Rxg4 39. Kf3
Rg7 40. Rb5 Re7 41. Ke2 d3+ 42. Ke1 Rg7 43. Kf1 e2+ 44. Kf2 Rg1 0-1

[Event "Olimpiada de Khanty-Mansiysk 2010"]
[Site "Khanty-Mansiysk RUS"]
[Date "2010.09.27"]
[Round "6"]
[White "Cummins, John"]
[Black "Meier, Kurt"]
[Result "0-1"]
[WhiteElo "1882"]
[BlackElo "1991"]
[PlyCount "176"]
[EventDate "2010.09.21"]
[EventType "team"]
[EventRounds "11"]
[EventCountry "RUS"]
[Source "lmi"]
[SourceDate "2010.09.21"]
[WhiteTeam "Islas del Canal"]
[BlackTeam "Seychelles"]
[WhiteTeamCountry "GCI"]
[BlackTeamCountry "SEY"]

1. e4 d6 2. Nf3 Nf6 3. Nc3 c5 4. Be2 Nc6 5. d4 cxd4 6. Nxd4 g6 7. O-O Bg7 8.
Be3 O-O 9. Kh1 h5 10. f3 a6 11. a4 Bd7 12. Qd2 Kh7 13. Nd5 Rc8 14. c4 Na5 15.
Qb4 e6 16. Nb6 Nc6 17. Nxc6 Rxc6 18. a5 Bc8 19. Rfd1 Qc7 20. Rac1 Nd7 21. Nxd7
Qxd7 22. c5 d5 23. Bc4 d4 24. Bf2 Rd8 25. Bg3 e5 26. Bd5 Rc7 27. Rc2 Qe7 28.
Qc4 h4 29. Bf2 Bd7 30. b4 Ba4 31. Rb1 Bxc2 32. Qxc2 h3 33. g3 Qf6 34. Qd3 g5
35. g4 Qg6 36. Rb3 Rdd7 37. Be1 Qf6 38. Bg3 Qd8 39. Qc4 Qe8 40. Qd3 Re7 41. Qd2
Qa4 42. Qb2 Re8 43. Be1 Rd8 44. Rd3 Rcd7 45. Bc4 Rc7 46. Bd5 Qb5 47. Qb3 Kg6
48. Kg1 Rcd7 49. Bc4 Qc6 50. Bd2 Rc7 51. Bd5 Qf6 52. Bc4 Bf8 53. Bd5 Rcd7 54.
Bc4 Qc6 55. Qc2 f6 56. Qc1 Rc7 57. Bd5 Rxd5 58. exd5 Qxd5 59. Qe1 Kg7 60. Qe2
Re7 61. Qe4 Qa2 62. Qe1 Qc2 63. Qe2 Kf7 64. Kf2 Qb1 65. Be1 Kg8 66. Qe4 Qc2+
67. Bd2 Qb1 68. Be1 Kg7 69. Qe2 Qc1 70. Qe4 Qf4 71. Kg1 Qxe4 72. fxe4 Rc7 73.
Rxh3 Be7 74. Rd3 Kf7 75. Kg2 Ke6 76. Kg3 Kd7 77. Bd2 Kc6 78. h4 gxh4+ 79. Kxh4
f5+ 80. g5 fxe4 81. Rg3 e3 82. Be1 Rc8 83. Kg4 Kd5 84. Rh3 Rg8 85. Bh4 Ke4 86.
Rf3 Bxg5 87. Rf7 Bxh4+ 88. Kxh4 e2 0-1

[Event "Olimpiada de Khanty-Mansiysk 2010"]
[Site "Khanty-Mansiysk RUS"]
[Date "2010.09.27"]
[Round "6"]
[White "Hoareau, Benjamin"]
[Black "Brookfield, Toby"]
[Result "0-1"]
[WhiteElo "2026"]
[BlackElo "1782"]
[PlyCount "68"]
[EventDate "2010.09.21"]
[EventType "team"]
[EventRounds "11"]
[EventCountry "RUS"]
[Source "lmi"]
[SourceDate "2010.09.21"]
[WhiteTeam "Seychelles"]
[BlackTeam "Islas del Canal"]
[WhiteTeamCountry "SEY"]
[BlackTeamCountry "GCI"]

1. h3 e5 2. d4 exd4 3. Nf3 Nf6 4. Bg5 c5 5. Qd3 Be7 6. g4 d5 7. Ne5 Ne4 8. Bf4
Qb6 9. Qb3 Qa5+ 10. Nd2 c4 11. Nexc4 dxc4 12. Qxc4 Nc6 13. Bg2 Be6 14. Qd3 Nxd2
15. Bxd2 Qb6 16. c3 Rd8 17. Qc2 Bd5 18. e4 Be6 19. g5 d3 20. Qd1 Ne5 21. f4 Nc4
22. Qc1 Qxb2 23. f5 Bc8 24. Qxb2 Nxb2 25. f6 gxf6 26. gxf6 Bxf6 27. O-O Be5 28.
Rab1 Nc4 29. Bg5 f6 30. Bh6 Rg8 31. Rb4 Bxh3 32. Rxc4 Rxg2+ 33. Kh1 Rg6 34. Rb1
Rxh6 0-1

[Event "Olimpiada de Khanty-Mansiysk 2010"]
[Site "Khanty-Mansiysk RUS"]
[Date "2010.09.28"]
[Round "7"]
[White "Gagunashvili, Merab"]
[Black "Ponomariov, Ruslan"]
[Result "1/2-1/2"]
[WhiteElo "2598"]
[BlackElo "2749"]
[PlyCount "30"]
[EventDate "2010.09.21"]
[EventType "team"]
[EventRounds "11"]
[EventCountry "RUS"]
[Source "lmi"]
[SourceDate "2010.09.21"]
[WhiteTeam "Georgia"]
[BlackTeam "Ucrania"]
[WhiteTeamCountry "GEO"]
[BlackTeamCountry "UKR"]

1. d4 Nf6 2. c4 e6 3. Nf3 b6 4. g3 Ba6 5. Nbd2 d5 6. cxd5 exd5 7. Bg2 Be7 8.
O-O O-O 9. Ne5 Bb7 10. Ndf3 c5 11. dxc5 bxc5 12. Be3 Nbd7 13. Nxd7 Qxd7 14. Rc1
Rac8 15. Ne5 Qb5 1/2-1/2

[Event "Olimpiada de Khanty-Mansiysk 2010"]
[Site "Khanty-Mansiysk RUS"]
[Date "2010.09.28"]
[Round "7"]
[White "Pantsulaia, Levan"]
[Black "Efimenko, Zahar"]
[Result "1/2-1/2"]
[WhiteElo "2599"]
[BlackElo "2683"]
[PlyCount "74"]
[EventDate "2010.09.21"]
[EventType "team"]
[EventRounds "11"]
[EventCountry "RUS"]
[Source "lmi"]
[SourceDate "2010.09.21"]
[WhiteTeam "Georgia"]
[BlackTeam "Ucrania"]
[WhiteTeamCountry "GEO"]
[BlackTeamCountry "UKR"]

1. Nf3 Nf6 2. c4 e6 3. g3 d5 4. b3 Be7 5. Bg2 b6 6. Bb2 O-O 7. O-O Bb7 8. e3 c5
9. Nc3 dxc4 10. bxc4 Ne4 11. Nxe4 Bxe4 12. Ne5 Bxg2 13. Kxg2 Qc7 14. Qf3 Nd7
15. Qc6 Qxc6+ 16. Nxc6 Bd6 17. d4 cxd4 18. exd4 Rfc8 19. d5 exd5 20. cxd5 Nb8
21. Nd4 Be5 22. Rac1 Rxc1 23. Rxc1 Na6 24. Rd1 Nc5 25. Ba3 Bxd4 26. Rxd4 Rd8
27. Kf3 f6 28. h4 Kf7 29. h5 g6 30. Bxc5 bxc5 31. Ra4 Rxd5 32. Rxa7+ Kg8 33. h6
Rh5 34. Rg7+ Kh8 35. Rf7 Rxh6 36. Rxf6 Rh1 37. Rf7 c4 1/2-1/2

[Event "Olimpiada de Khanty-Mansiysk 2010"]
[Site "Khanty-Mansiysk RUS"]
[Date "2010.09.28"]
[Round "7"]
[White "Sargissian, Gabriel"]
[Black "Mamedov, Rauf"]
[Result "1/2-1/2"]
[WhiteElo "2677"]
[BlackElo "2660"]
[PlyCount "65"]
[EventDate "2010.09.21"]
[EventType "team"]
[EventRounds "11"]
[EventCountry "RUS"]
[Source "lmi"]
[SourceDate "2010.09.21"]
[WhiteTeam "Armenia"]
[BlackTeam "Azerbaiyán"]
[WhiteTeamCountry "ARM"]
[BlackTeamCountry "AZE"]

1. d4 d6 2. Nf3 g6 3. c4 Bg7 4. Nc3 Nf6 5. g3 O-O 6. Bg2 Nbd7 7. O-O e5 8. h3
a6 9. dxe5 dxe5 10. Be3 Qe7 11. Qb3 c6 12. Rfd1 Rb8 13. Nd2 Nh5 14. Nde4 f5 15.
Nd6 f4 16. Ba7 fxg3 17. fxg3 Nxg3 18. Bxb8 Nxb8 19. Nxc8 Qc5+ 20. Kh2 e4 21.
Qb6 Qg5 22. e3 Be5 23. Kg1 Rxc8 24. Re1 Rf8 25. Rad1 Qf6 26. Rf1 Nxf1 27. Rxf1
Qe7 28. Rxf8+ Kxf8 29. Nxe4 Bc7 30. Qd4 Be5 31. Qb6 Bc7 32. Qb3 a5 33. Qc3
1/2-1/2

[Event "Olimpiada de Khanty-Mansiysk 2010"]
[Site "Khanty-Mansiysk RUS"]
[Date "2010.09.28"]
[Round "7"]
[White "Guseinov, Gadir"]
[Black "Pashikian, Arman"]
[Result "1-0"]
[WhiteElo "2611"]
[BlackElo "2639"]
[PlyCount "55"]
[EventDate "2010.09.21"]
[EventType "team"]
[EventRounds "11"]
[EventCountry "RUS"]
[Source "lmi"]
[SourceDate "2010.09.21"]
[WhiteTeam "Azerbaiyán"]
[BlackTeam "Armenia"]
[WhiteTeamCountry "AZE"]
[BlackTeamCountry "ARM"]

1. e4 e5 2. Nf3 Nc6 3. Bb5 Nf6 4. O-O Nxe4 5. d4 Nd6 6. dxe5 Nxb5 7. a4 Nbd4 8.
Nxd4 d5 9. Nxc6 bxc6 10. Nd2 Be7 11. Nb3 c5 12. Na5 Qd7 13. f4 f5 14. exf6 Bxf6
15. Re1+ Kf7 16. Be3 d4 17. Qf3 c6 18. Bf2 Qd5 19. Nxc6 Qxf3 20. gxf3 Kg6 21.
Ne5+ Kf5 22. c3 dxc3 23. bxc3 Kxf4 24. Rad1 Bxe5 25. Bg3+ Kxf3 26. Rxe5 Ba6 27.
Rde1 Rhf8 28. R5e4 1-0

[Event "Olimpiada de Khanty-Mansiysk 2010"]
[Site "Khanty-Mansiysk RUS"]
[Date "2010.09.28"]
[Round "7"]
[White "Grischuk, Alexander"]
[Black "Alekseev, Evgeny"]
[Result "1/2-1/2"]
[WhiteElo "2760"]
[BlackElo "2691"]
[PlyCount "43"]
[EventDate "2010.09.21"]
[EventType "team"]
[EventRounds "11"]
[EventCountry "RUS"]
[Source "lmi"]
[SourceDate "2010.09.21"]
[WhiteTeam "RU1"]
[BlackTeam "RU2"]

1. d4 Nf6 2. c4 e6 3. Nf3 d5 4. g3 dxc4 5. Bg2 c5 6. O-O Nc6 7. Ne5 Bd7 8. Na3
cxd4 9. Naxc4 Be7 10. Bf4 Nd5 11. Nxd7 Nxf4 12. Bxc6 bxc6 13. Nde5 Ng6 14. Nxc6
Qd5 15. Nxe7 Kxe7 16. Qd3 Rhd8 17. Qa3+ Kf6 18. Rac1 Rac8 19. Qd3 Ke7 20. Qa3+
Kf6 21. Qd3 Ke7 22. Qa3+ 1/2-1/2